000 00742nam a2200301Ia 4500
001 2580
003 5196
005 20250314062641.0
008 ||||||n9999 ||| || ||
020 _a8475423590
041 _aspa
082 _219
_a327
110 _aInstituto Vasco de Administracion Publica
_913356
245 0 _aEl ordenamiento juridico comunitario, el estatal y el autonomico
260 _aEspaƱa :
_bEl Instituto,
_c1986.
300 _a125p
490 _aInvestigacion para la autonomia
_v9
562 _e1
650 0 _aRelaciones internacionales
_9511
942 _cBKM
942 _cBKM
999 _c2580
_d2580
526 _a4969
526 _a19790
526 _a104436
526 _a5144
526 _a51868
526 _a1697